000 00791nam a2200241 a 4500
001 000020242
005 20200929170328.0
008 100730s2006 pr 000 p spa d
020 _a1932271864
040 _aDO-SdBNP
_bspa
_cBNPHU
082 _aPR861.5
_bC243c
100 1 _aCapiello-Ortiz, Jorge David
_d1974-
_942854
245 1 0 _aComunión antropoética /
_cJ. D. Capiello-Ortiz.
260 _aSan Juan, Puerto Rico :
_bIsla Negra,
_c2006.
300 _a61 p. ;
_c22 cm.
490 1 _aJosemilo González
500 _aIncluye datos biográficos del autor en la solapa de la cubierta
650 4 _aPoesía puertorriqueña
_91015
650 4 _aLiteratura puertorriqueña
_9250
830 0 _aJosemilio González
_96541
910 _aValidado. Control de calidad MFF
049 _aBNGR
999 _c19747
_d19747